000 00510nab a22001457 4500
003 ES-SlBC
005 20210327223942.0
008 130710s2008 sp ||||| |||| 00| 0 spa d
040 _aES-SlBC
_bspa
041 _aspa
100 1 _aLeón, Franklin R.
_982047
245 1 3 _aLa filosofía de la liberación de Dussel y el reconocimiento de América Latina como otro desde la educación
_cLeón Franklin
773 0 _gAño 29, núm. 26/57, 2008/2010, págs. 107-118
_tAnthropos
_wRev38
_x0254-1629
942 _2lcc
_cAR
999 _c423400
_d423400